000 00601nam a22002052 4500
001 0000024092
005 20151217145946.0
008 130516s xx 000 0 eng d
020 _a9280312596 :
040 _aKABU
_cKABU
100 1 _aWoodhall, Maureen.
_@0000184060
245 1 0 _aCost-benefit analysis in educational planning /
_cMaureen Woodhall.
250 _a4th ed.
260 _aParis :
_bUNESCO,
_c2004.
300 _a129 p.
650 0 _aEducation
_xEconomic aspects.
_@0000160503
852 1 _9p2340 KES
908 _a130516
950 _@1
999 _c4486
_d4486